| 000 | 00585nam a2200205Ia 4500 | ||
|---|---|---|---|
| 005 | 20250326143924.0 | ||
| 008 | 250326s9999 xx 000 0 und d | ||
| 037 | _aTextbook | ||
| 040 |
_aFMSL _beng _cFMSL |
||
| 041 |
_aeng _2eng |
||
| 084 |
_aX:87ob(S) P6 _qFMSL |
||
| 100 |
_aJones R N _9405562 |
||
| 245 | 0 |
_aEssential counselling and therapy skills _cJones R N |
|
| 260 |
_aNew Delhi _bNew Delhi, Sage _c2006 |
||
| 300 | _a382p | ||
| 365 | _b156172.36663600002 | ||
| 650 |
_aRegional Growth _9748717 |
||
| 942 |
_cTB _hX:87ob(S) P6 |
||
| 999 |
_c1301626 _d1301626 |
||